000 01296cam a2200229 4500500
005 20260201144732.0
041 _afre
042 _adc
100 1 0 _aMourot, Laurence
_eauthor
245 0 0 _aDe l’écriture à la lecture : entre saisissement et vacillement
260 _c2018.
500 _a86
520 _aL’auteur nous invite à une lecture croisée d’auteurs, convoquée de manière singulière dans un plaisir de lecture jamais déçu. Elle propose une réflexion sur le processus créateur à l’œuvre dans la création littéraire, s’appuyant sur les échanges de points de vue entre J.-B. Pontalis et M. de M’Uzan, puis sur le travail de D. Anzieu. Enfin, à travers la lecture de P. Modiano, entre réalité et fiction, entre espaces, lieux et temporalités, elle retrouve ces éprouvés d’inquiétante étrangeté en soi, en l’autre, qui décrivent une sensation proche du vacillement identitaire du créateur.
690 _adissociation
690 _ainquiétude
690 _apensée rêvante
690 _aprocessus créateur
690 _arégression
690 _asaisissement
786 0 _nEmpan | 111 | 3 | 2018-08-31 | p. 123-128 | 1152-3336
856 4 1 _uhttps://shs.cairn.info/revue-empan-2018-3-page-123?lang=fr&redirect-ssocas=7080
999 _c1642926
_d1642926